[Event "European Hybrid Swiss TB"]
[Site "Tornelo INT"]
[Date "2021.05.30"]
[Round "6.17"]
[White "Ivanisevic, Ivan"]
[Black "Martinovic, Sasa"]
[Result "1-0"]
[WhiteTitle "GM"]
[BlackTitle "GM"]
[WhiteElo "2606"]
[BlackElo "2548"]
[WhiteFideId "912417"]
[BlackFideId "14509792"]
[EventDate "2021.05.30"]

1. d4 d5 2. c4 e6 3. Nc3 a6 4. cxd5 exd5 5. Nf3 Nf6 6. Bg5 Be6 7. e3 Nbd7 8. h3
Bd6 9. Bd3 c6 10. Bf4 Qc7 11. Bxd6 Qxd6 12. O-O O-O 13. Rb1 a5 14. Qc2 g6 15.
Rfc1 Rfc8 16. b3 Qe7 17. Qb2 Ne8 18. e4 Nd6 19. e5 Nf5 20. Ne2 c5 21. Re1 a4 22.
Nf4 axb3 23. axb3 Nxd4 24. Nxd4 cxd4 25. Qxd4 Qc5 26. Ne2 Qxd4 27. Nxd4 Rc3 28.
Bb5 Nc5 29. Rbc1 Rxc1 30. Rxc1 b6 31. b4 Ne4 32. Nxe6 fxe6 33. Bd7 Kf7 34. Rc6
Ke7 35. Bxe6 d4 36. Bd5 Ra1+ 37. Kh2 Nxf2 38. e6 Re1 39. Rc7+ Kd8 40. Rd7+ Ke8
41. Rf7 Nd3 42. Bc6+ Kd8 43. Rd7+ Kc8 44. Bb7+ Kb8 45. e7 Nxb4 46. Bf3 1-0

[Event "European Hybrid Swiss TB"]
[Site "Tornelo INT"]
[Date "2021.05.30"]
[Round "6.18"]
[White "Paichadze, Luka"]
[Black "Anton Guijarro, David"]
[Result "0-1"]
[WhiteTitle "GM"]
[BlackTitle "GM"]
[WhiteElo "2565"]
[BlackElo "2673"]
[WhiteFideId "13602934"]
[BlackFideId "2285525"]
[EventDate "2021.05.30"]

1. e4 e5 2. Nf3 Nc6 3. Bb5 a6 4. Bxc6 dxc6 5. O-O Qf6 6. c3 Bg4 7. d4 Bxf3 8.
Qxf3 Qxf3 9. gxf3 exd4 10. cxd4 Ne7 11. Rd1 Ng6 12. Nc3 O-O-O 13. Be3 Bd6 14. d5
cxd5 15. Nxd5 Ne7 16. f4 Nxd5 17. Rxd5 c6 18. Rf5 f6 19. Kg2 Be7 20. Kf3 Kc7 21.
Rh5 g6 22. Rh3 c5 23. Rg1 c4 24. Rc1 b5 25. b3 Kc6 26. bxc4 b4 27. f5 gxf5 28.
exf5 a5 29. Rh4 Bc5 30. Re1 a4 31. Rh6 Bxe3 32. Rxf6+ Kc5 33. fxe3 a3 34. Re6
Rd2 35. Re5+ Kc6 36. Rb5 Rxa2 37. Rxb4 Ra8 38. Rbb1 Rxh2 39. Ra1 a2 40. Re2 Rxe2
41. Kxe2 Kd6 42. c5+ Kxc5 43. Kf3 Kd5 44. Kf4 Ra4+ 45. Kg5 Ke5 46. e4 Ra6 47. f6
h6+ 48. Kh5 Kxf6 49. Kxh6 Ke5+ 50. Kg5 Kxe4 0-1

[Event "European Hybrid Swiss TB"]
[Site "Tornelo INT"]
[Date "2021.05.30"]
[Round "7.1"]
[White "Artemiev, Vladislav"]
[Black "Ponkratov, Pavel"]
[Result "1-0"]
[WhiteTitle "GM"]
[BlackTitle "GM"]
[WhiteElo "2709"]
[BlackElo "2624"]
[WhiteFideId "24101605"]
[BlackFideId "4157800"]
[EventDate "2021.05.30"]

1. Nf3 Nf6 2. c4 g6 3. b3 Bg7 4. Bb2 O-O 5. g3 b6 6. Bg2 Bb7 7. d4 e6 8. O-O c5
9. Nc3 cxd4 10. Qxd4 d5 11. Rfd1 Nc6 12. Qf4 Qb8 13. Nb5 Qxf4 14. gxf4 Rfd8 15.
Ne5 Ne7 16. Rac1 a6 17. Nd4 Rac8 18. Ba3 Bf8 19. e3 Nf5 20. Bb2 Bg7 21. Nxf5
gxf5 22. Bd4 Nd7 23. cxd5 Rxc1 24. Rxc1 Nxe5 25. fxe5 Bxd5 26. Bxb6 Rb8 27. Ba7
Ra8 28. Bd4 Bxg2 29. Kxg2 Bf8 30. Kf3 Ba3 31. Rc4 Kg7 32. Ke2 Kg6 33. b4 Rb8 34.
Bc3 Rd8 35. Bd2 Bb2 36. f4 Ba3 37. Kd1 Kh5 38. Kc2 Kg4 39. Rc6 Rb8 40. Rc4 Kf3
41. Kb3 Ke2 42. Rd4 Bxb4 43. Rxb4 Rxb4+ 44. Bxb4 Kxe3 45. Ka4 Kxf4 46. Ka5 Kxe5
47. Kxa6 f4 48. a4 Kd5 49. Kb6 Kc4 50. Be1 1-0

[Event "European Hybrid Swiss TB"]
[Site "Tornelo INT"]
[Date "2021.05.30"]
[Round "7.2"]
[White "Esipenko, Andrey"]
[Black "Indjic, Aleksandar"]
[Result "0-1"]
[WhiteTitle "GM"]
[BlackTitle "GM"]
[WhiteElo "2701"]
[BlackElo "2607"]
[WhiteFideId "24175439"]
[BlackFideId "911925"]
[EventDate "2021.05.30"]

1. e4 c5 2. Nf3 d6 3. d4 cxd4 4. Nxd4 Nf6 5. Nc3 a6 6. Be2 e6 7. Be3 Nbd7 8. Qd2
h5 9. O-O-O b5 10. a3 Bb7 11. f3 Be7 12. Kb1 Rc8 13. h3 h4 14. Rhe1 Ne5 15. Bg5
Nc4 16. Bxc4 Rxc4 17. f4 Rxc3 18. Qxc3 Nxe4 19. Qe3 f6 20. Nxe6 Qc8 21. Qb3 Qc4
22. Qxc4 bxc4 23. Nxg7+ Kf7 24. Nf5 fxg5 25. fxg5 d5 26. g6+ Ke6 27. Rf1 Bf6 28.
Rf4 Ke5 29. Rf3 Rg8 30. g7 Bc8 31. Ne3 Be6 32. Ng4+ Bxg4 33. hxg4 Ke6 34. Rf5
Be5 35. Rh5 Rxg7 36. Rxh4 c3 37. Rh6+ Bf6 38. Rf1 Nd2+ 39. Kc1 Nxf1 40. bxc3
Rxg4 0-1

[Event "European Hybrid Swiss TB"]
[Site "Tornelo INT"]
[Date "2021.05.30"]
[Round "7.4"]
[White "Brkic, Ante"]
[Black "Predke, Alexandr"]
[Result "1/2-1/2"]
[WhiteTitle "GM"]
[BlackTitle "GM"]
[WhiteElo "2592"]
[BlackElo "2690"]
[WhiteFideId "14506688"]
[BlackFideId "24107581"]
[EventDate "2021.05.30"]

1. e4 e5 2. Nf3 Nc6 3. Nc3 Nf6 4. d4 exd4 5. Nxd4 Bb4 6. Nxc6 bxc6 7. Bd3 d5 8.
exd5 cxd5 9. O-O O-O 10. h3 c6 11. Qf3 Rb8 12. Bf4 Bd6 13. b3 Qc7 14. Bxd6 Qxd6
15. Rfe1 Bd7 16. Ne2 c5 17. Rad1 Rfe8 18. Qf4 Qxf4 19. Nxf4 Rxe1+ 20. Rxe1 Kf8
21. c4 d4 22. Re5 Rc8 23. Bf5 g6 24. Bxd7 Nxd7 25. Rd5 Ke7 26. Nd3 Rc6 27. Kf1
Rd6 28. Rxd6 Kxd6 29. Ke2 Ne5 30. Nf4 a5 31. Kd2 a4 32. Nd5 h5 33. Nf6 axb3 34.
axb3 Nd7 35. Ne4+ Ke5 36. Kd3 h4 37. Ng5 f6 38. Nf3+ Kf4 39. Nxh4 Ne5+ 40. Kd2
Ke4 41. g3 g5 42. f3+ Nxf3+ 43. Nxf3 Kxf3 44. h4 gxh4 45. gxh4 Kf4 46. Kd3 f5
47. b4 cxb4 48. Kxd4 b3 49. Kc3 Ke4 50. h5 f4 51. h6 b2 52. Kxb2 f3 53. h7 f2
54. h8=Q f1=Q 55. Qc3 Qf2+ 56. Kb3 Qb6+ 57. Qb4 Qe3+ 58. Qc3 Qb6+ 59. Qb4 Qe3+
60. Ka4 Qa7+ 61. Qa5 Qd7+ 62. Qb5 Qa7+ 63. Kb4 Qa1 64. Qd5+ Kf4 65. c5 Qb2+ 66.
Ka5 Qc3+ 67. Kb5 Qb2+ 68. Kc6 Kg4 69. Qe6+ Kg5 70. Qe7+ Kh5 71. Qd6 Kh4 72. Kc7
Qa3 73. c6 Qa7+ 74. Kd8 Qa8+ 75. Kd7 Qa4 76. Qd5 Kg3 77. Ke6 Qg4+ 78. Ke7 Qg7+
79. Kd8 Qf8+ 80. Kd7 Qg7+ 81. Kc8 Qf8+ 82. Qd8 Qf5+ 83. Qd7 Qe4 84. Qd6+ Kg4 85.
c7 Qe8+ 86. Kb7 Qb5+ 87. Qb6 Qd5+ 88. Kb8 Qe5 89. Qb3 Kh5 90. Qh3+ Kg6 91. Qg4+
Kf6 92. Qc4 Kg7 93. Kb7 Qe7 94. Qd4+ Kh7 95. Qd3+ Kh6 96. Qa6+ Kh7 97. Qc4 Qd7
98. Kb8 Qd6 99. Qh4+ Kg7 100. Qg5+ Kf7 101. Qb5 Kg7 102. Kb7 Qe7 103. Qb2+ Kh7
104. Qc2+ Kg7 105. Qc3+ Kh7 106. Kb8 Qd6 107. Kb7 Qd7 108. Qc6 Qe7 109. Kb8 Qe5
110. Kc8 Kg7 111. Kb7 Qe7 112. Qd5 Kh7 113. Kb8 Qb4+ 114. Ka8 Qa4+ 115. Kb7 Qb4+
116. Kc6 Qc3+ 117. Kd6 Qf6+ 118. Qe6 Qd4+ 119. Ke7 Qc5+ 120. Kd8 Qa5 121. Qd6
Kg7 122. Qe7+ Kg6 123. Qe6+ Kg7 124. Kd7 Qb5+ 125. Kd8 Qa5 126. Qd7+ Kg6 127.
Qd6+ Kg7 128. Qd7+ Kg6 129. Qc6+ Kg7 130. Kd7 Qf5+ 131. Qe6 Qb5+ 132. Kd8 Qa5 1/2-1/2

[Event "European Hybrid Swiss TB"]
[Site "Tornelo INT"]
[Date "2021.05.30"]
[Round "7.5"]
[White "Deac, Bogdan-Daniel"]
[Black "Lupulescu, Constantin"]
[Result "1-0"]
[WhiteTitle "GM"]
[BlackTitle "GM"]
[WhiteElo "2627"]
[BlackElo "2656"]
[WhiteFideId "1226380"]
[BlackFideId "1207822"]
[EventDate "2021.05.30"]

1. d4 Nf6 2. c4 e6 3. Nf3 d5 4. Nc3 Nbd7 5. Bg5 h6 6. Bh4 Be7 7. e3 O-O 8. Rc1
dxc4 9. Bxc4 a6 10. Bd3 c5 11. Ne5 cxd4 12. exd4 Nd5 13. Bxe7 Qxe7 14. O-O N7f6
15. Nxd5 exd5 16. Qb3 Be6 17. f4 Rac8 18. f5 Rxc1 19. Rxc1 Bc8 20. h3 Nh5 21.
Qxd5 Qg5 22. Rf1 Qe3+ 23. Rf2 Qe1+ 24. Bf1 Ng3 25. f6 gxf6 26. Qf3 Nxf1 27. Rxf1
Qd2 28. Qg3+ Qg5 29. Qxg5+ fxg5 30. Rf6 Kg7 31. Rd6 f6 32. Nc4 Kf7 33. Rb6 Ke7
34. Nd6 Kd7 35. Nxc8 Kxc8 36. Kf2 Kc7 37. Re6 h5 38. Ke3 f5 39. Rh6 Re8+ 40. Kd3
h4 41. Rg6 g4 42. hxg4 fxg4 43. Rxg4 Rh8 44. Rg7+ Kc6 45. Rg6+ Kc7 46. a4 h3 47.
gxh3 Rxh3+ 48. Kc4 Rh2 49. b4 Rc2+ 50. Kd3 Ra2 51. a5 Ra1 52. Kc4 Rc1+ 53. Kd5
Rb1 54. Rg7+ Kb8 55. Kc4 Kc8 56. d5 Rc1+ 57. Kd4 Rb1 58. Kc5 Rb2 59. Kd6 Kb8 60.
Rg8+ Ka7 61. Rg4 Rh2 62. Re4 Rh6+ 63. Kd7 Rh7+ 64. Kd8 Rh5 65. d6 Rh8+ 66. Re8
Rh4 67. d7 Rxb4 68. Ke7 1-0

[Event "European Hybrid Swiss TB"]
[Site "Tornelo INT"]
[Date "2021.05.30"]
[Round "7.6"]
[White "Martirosyan, Haik M."]
[Black "Alekseev, Evgeny"]
[Result "1-0"]
[WhiteTitle "GM"]
[BlackTitle "GM"]
[WhiteElo "2637"]
[BlackElo "2617"]
[WhiteFideId "13306553"]
[BlackFideId "4138147"]
[EventDate "2021.05.30"]

1. d4 Nf6 2. c4 e6 3. Nf3 d5 4. Nc3 Bb4 5. cxd5 exd5 6. Bf4 c6 7. e3 Bf5 8. Qb3
Qb6 9. Nh4 Be6 10. Bd3 Ne4 11. Qc2 Nf6 12. O-O Nbd7 13. Nf5 Bxf5 14. Bxf5 O-O
15. a3 Be7 16. b4 g6 17. Bh3 a6 18. Rab1 Qd8 19. a4 Nb6 20. b5 axb5 21. axb5 Nc4
22. Rb3 Re8 23. bxc6 bxc6 24. Rb7 Nd6 25. Rb3 Nc4 26. Qd3 Nh5 27. Bh6 Bf8 28.
Bxf8 Rxf8 29. g3 Nf6 30. Rc1 Re8 31. Bg2 Qe7 32. Rbb1 Rab8 33. Rxb8 Rxb8 34. e4
Qa3 35. Qd1 Rb3 36. Qe1 Nb2 37. Bf1 Qb4 38. e5 Ne8 39. Qd2 Na4 40. e6 Rxc3 41.
Re1 Qd6 42. exf7+ Kxf7 43. Bh3 Ng7 44. Qh6 Rb3 45. Qxh7 Rb7 46. Be6+ 1-0

[Event "European Hybrid Swiss TB"]
[Site "Tornelo INT"]
[Date "2021.05.30"]
[Round "7.7"]
[White "Sargsyan, Shant"]
[Black "Nguyen, Thai Dai Van"]
[Result "1/2-1/2"]
[WhiteTitle "GM"]
[BlackTitle "GM"]
[WhiteElo "2618"]
[BlackElo "2577"]
[WhiteFideId "13306766"]
[BlackFideId "358878"]
[EventDate "2021.05.30"]

1. d4 d5 2. c4 dxc4 3. Nf3 Nf6 4. e3 e6 5. Bxc4 c5 6. O-O a6 7. Nc3 b5 8. Be2
Bb7 9. dxc5 Bxc5 10. Qxd8+ Kxd8 11. Nd2 Ke7 12. Nb3 Nbd7 13. Na5 Rab8 14. Nxb7
Rxb7 15. Bd2 Rc7 16. Rfd1 b4 17. Na4 a5 18. Rac1 Rhc8 19. Ba6 Ra8 20. Bb5 Rb8
21. Bxd7 Nxd7 22. Kf1 Rbc8 23. Ke2 Bd6 24. h3 f5 1/2-1/2

[Event "European Hybrid Swiss TB"]
[Site "Tornelo INT"]
[Date "2021.05.30"]
[Round "7.8"]
[White "Tomashevsky, Evgeny"]
[Black "Jobava, Baadur"]
[Result "1/2-1/2"]
[WhiteTitle "GM"]
[BlackTitle "GM"]
[WhiteElo "2706"]
[BlackElo "2603"]
[WhiteFideId "4147235"]
[BlackFideId "13601520"]
[EventDate "2021.05.30"]

1. c4 c6 2. Nf3 d5 3. e3 Nf6 4. Nc3 g6 5. d4 Bg7 6. Be2 O-O 7. O-O a6 8. Bd2 Bg4
9. Qb3 Ra7 10. cxd5 cxd5 11. Ne5 Bxe2 12. Nxe2 Nfd7 13. Nxd7 Qxd7 14. Nf4 e6 15.
Nd3 Nc6 16. Rac1 Rc8 17. Qb6 Qc7 18. Qxc7 Rxc7 19. Bb4 Nxb4 20. Nxb4 Rc4 21. Nd3
Ra8 22. b3 Rcc8 1/2-1/2

[Event "European Hybrid Swiss TB"]
[Site "Tornelo INT"]
[Date "2021.05.30"]
[Round "7.9"]
[White "Cheparinov, Ivan"]
[Black "Gabuzyan, Hovhannes"]
[Result "1/2-1/2"]
[WhiteTitle "GM"]
[BlackTitle "GM"]
[WhiteElo "2667"]
[BlackElo "2590"]
[WhiteFideId "2905540"]
[BlackFideId "13303732"]
[EventDate "2021.05.30"]

1. d4 Nf6 2. Nf3 g6 3. c4 c5 4. d5 a6 5. Nc3 b5 6. e4 b4 7. e5 bxc3 8. exf6 exf6
9. d6 Bg7 10. Qe2+ Kf8 11. g3 Bb7 12. Bg2 Nc6 13. bxc3 Qe8 14. Be3 f5 15. O-O
Rc8 16. Qb2 Ba8 17. Rfe1 Qd8 18. Bxc5 Na5 19. Bb6 Nxc4 20. Bxd8 Nxb2 21. Bc7
Bxc3 22. Re3 Bf6 23. Ne5 Bxe5 24. Rxe5 Bxg2 25. Kxg2 Kg7 26. Re7 Rhe8 27. Rxd7
Kf6 28. Rb1 Na4 29. Bb6 Nxb6 30. Rxb6 Rc2 31. Rc7 Rd2 32. d7+ Re6 33. Rb8 Red6
34. d8=Q+ Rxd8 35. Rxd8 Rxd8 36. Rc6+ Kg7 37. Rxa6 Rd2 1/2-1/2

[Event "European Hybrid Swiss TB"]
[Site "Tornelo INT"]
[Date "2021.05.30"]
[Round "7.10"]
[White "Sjugirov, Sanan"]
[Black "Svane, Rasmus"]
[Result "1-0"]
[WhiteTitle "GM"]
[BlackTitle "GM"]
[WhiteElo "2663"]
[BlackElo "2615"]
[WhiteFideId "4189302"]
[BlackFideId "4657101"]
[EventDate "2021.05.30"]

1. Nf3 d5 2. g3 g6 3. c4 dxc4 4. Na3 Bg7 5. Nxc4 Nc6 6. d3 Nh6 7. Bg2 Nf5 8. h4
h6 9. Bd2 a5 10. Rc1 e5 11. Bc3 Qe7 12. b3 O-O 13. O-O Rd8 14. Qc2 Nfd4 15. Nxd4
exd4 16. Bb2 Nb4 17. Qd2 Nd5 18. Rfe1 Qb4 19. Bxd5 Rxd5 20. Qf4 Qe7 21. e4 Rd8
22. Ba3 Qd7 23. Nd2 c6 24. Nc4 Ra6 25. Bc5 Qe6 26. Qc7 Qd7 27. Qf4 Qe6 28. e5
Qd5 29. Be7 Bh3 30. f3 Rd7 31. Bf6 h5 32. Nd6 a4 33. Bxg7 Kxg7 34. Ne8+ Kf8 35.
Nf6 Qe6 36. Nxd7+ Qxd7 37. b4 Be6 38. a3 Ra8 39. Re4 Rd8 40. Qf6 Kg8 41. Rce1 b6
42. R1e2 c5 43. bxc5 bxc5 44. g4 hxg4 45. h5 gxf3 46. h6 fxe2 47. Qg7# 1-0

[Event "European Hybrid Swiss TB"]
[Site "Tornelo INT"]
[Date "2021.05.30"]
[Round "7.11"]
[White "Oparin, Grigoriy"]
[Black "Savchenko, Boris"]
[Result "1/2-1/2"]
[WhiteTitle "GM"]
[BlackTitle "GM"]
[WhiteElo "2652"]
[BlackElo "2538"]
[WhiteFideId "24125890"]
[BlackFideId "4147332"]
[EventDate "2021.05.30"]

1. Nf3 Nf6 2. g3 d5 3. Bg2 Bg4 4. c4 c6 5. Ne5 Be6 6. cxd5 Bxd5 7. Nf3 c5 8. Nc3
Bc6 9. O-O Nbd7 10. d4 e6 11. Be3 a6 12. Rc1 Rc8 13. Qd2 Bd6 14. Rfd1 O-O 15.
dxc5 Bxc5 16. a3 Qb6 17. Nd4 Bxg2 18. Kxg2 Qd6 19. Nf3 Qxd2 20. Bxd2 h6 21. Bf4
g5 22. Bd6 Rfd8 23. h3 Bxd6 24. Rxd6 Nc5 25. Rxd8+ Rxd8 26. b4 Nb3 27. Rb1 Nd2
28. Rd1 Rc8 29. Rxd2 Rxc3 30. Rd8+ Kg7 31. Rb8 Rc7 32. Ne5 h5 33. Nd3 Ne4 34. f3
Nc3 35. Nc5 b5 36. e4 a5 37. h4 gxh4 38. gxh4 Rc6 39. e5 Nd5 40. Rxb5 axb4 41.
axb4 Nxb4 42. Nxe6+ 1/2-1/2

[Event "European Hybrid Swiss TB"]
[Site "Tornelo INT"]
[Date "2021.05.30"]
[Round "7.12"]
[White "Motylev, Alexander"]
[Black "Teclaf, Pawel"]
[Result "1-0"]
[WhiteTitle "GM"]
[BlackTitle "IM"]
[WhiteElo "2641"]
[BlackElo "2502"]
[WhiteFideId "4121830"]
[BlackFideId "1185934"]
[EventDate "2021.05.30"]

1. e4 c5 2. Nf3 e6 3. d4 cxd4 4. Nxd4 a6 5. Bd3 Bc5 6. Nb3 Ba7 7. Qf3 Nc6 8. Qg3
Qf6 9. Nc3 Nge7 10. h4 h6 11. f4 e5 12. Bd2 Bb8 13. f5 d5 14. Qf3 d4 15. Nd5
Nxd5 16. exd5 Ne7 17. g4 Qd6 18. Be4 b6 19. O-O-O a5 20. Kb1 a4 21. Nc1 Bb7 22.
c4 Ba6 23. a3 Ra7 24. Bb4 Qd8 25. f6 gxf6 26. Qxf6 Ng6 27. Qc6+ Qd7 28. Qxb6 Qb7
29. Qxb7 Rxb7 30. c5 Nf4 31. d6 O-O 32. Rhe1 f6 33. g5 hxg5 34. hxg5 Rg7 35.
gxf6 Rxf6 36. Bc2 Rg5 37. Bxa4 Kg7 38. Rg1 Rxg1 39. Rxg1+ Kf7 40. Bb3+ Ne6 41.
c6 Ke8 42. Bxe6 Rxe6 43. Rg8+ Kf7 44. Rxb8 1-0

[Event "European Hybrid Swiss TB"]
[Site "Tornelo INT"]
[Date "2021.05.30"]
[Round "7.13"]
[White "Yilmaz, Mustafa"]
[Black "Ivanisevic, Ivan"]
[Result "0-1"]
[WhiteTitle "GM"]
[BlackTitle "GM"]
[WhiteElo "2630"]
[BlackElo "2606"]
[WhiteFideId "6302718"]
[BlackFideId "912417"]
[EventDate "2021.05.30"]

1. d4 Nf6 2. c4 g6 3. Nc3 Bg7 4. e4 d6 5. Nf3 O-O 6. Be2 e5 7. O-O Bg4 8. d5 a5
9. Be3 Na6 10. Nd2 Bd7 11. a3 h5 12. h3 b6 13. Rb1 Nh7 14. Qc2 Qh4 15. Nf3 Qe7
16. Nd2 Qh4 17. Nf3 Qe7 18. Nd2 f5 19. exf5 gxf5 20. f4 h4 21. Bd3 e4 22. Be2
Nc5 23. b4 axb4 24. axb4 Ra3 25. Nd1 Rxe3 26. Nxe3 Bd4 27. bxc5 Bxe3+ 28. Kh1
dxc5 29. Qc3 Bd4 30. Qa3 Nf6 31. Nb3 Qg7 32. Nxd4 cxd4 33. d6 d3 34. Bd1 Bc6 35.
dxc7 Qxc7 36. c5 b5 37. Qc3 Qg7 38. Qe5 Re8 39. Qd6 Bd5 40. Bb3 Bxb3 41. Rxb3
Nh5 42. Rfb1 Ng3+ 43. Kh2 Ne2 44. Qd5+ Qf7 45. Qd6 Qe6 46. Rxb5 Qxd6 47. cxd6
Kf7 48. Rxf5+ Kg6 49. Re5 Rd8 50. Rxe4 Nc3 51. Rd4 Nxb1 52. Rxd3 Kf5 53. g3 Ke4
54. Rd1 Nc3 55. Rd2 Ke3 56. Rc2 Ne2 57. gxh4 Rxd6 58. h5 Kf2 59. f5 Rf6 60. Rc5
Rf8 61. h6 Rg8 0-1

[Event "European Hybrid Swiss TB"]
[Site "Tornelo INT"]
[Date "2021.05.30"]
[Round "7.14"]
[White "Can, Emre"]
[Black "Kozak, Adam"]
[Result "0-1"]
[WhiteTitle "GM"]
[BlackTitle "GM"]
[WhiteElo "2569"]
[BlackElo "2518"]
[WhiteFideId "6302181"]
[BlackFideId "753246"]
[EventDate "2021.05.30"]

1. Nf3 c5 2. e4 d6 3. d4 cxd4 4. Nxd4 Nf6 5. Nc3 a6 6. Bd3 e5 7. Nde2 Be7 8. O-O
O-O 9. Ng3 Nc6 10. Nd5 Nxd5 11. exd5 Nb4 12. Be2 a5 13. f4 exf4 14. Bxf4 Bg5 15.
c3 Bxf4 16. Rxf4 Qg5 17. Rd4 Na6 18. Ne4 Qe5 19. Kh1 Bf5 20. Nd2 Nc5 21. Nc4 Qe7
22. a4 Rae8 23. Bf1 b6 24. Nxb6 Rb8 25. Nc4 Nb3 26. Rf4 Nxa1 27. Rxf5 Nb3 28.
Bd3 g6 29. Rf1 Nc5 30. Bc2 Qc7 31. Qd4 f5 32. Qf4 Ne4 33. b3 Nxc3 34. h4 Nxd5
35. Qd4 Nf6 36. Qxd6 Qxd6 37. Nxd6 Rfd8 38. Nc4 Rbc8 39. Bd1 Ne4 40. Re1 Rxd1 0-1

[Event "European Hybrid Swiss TB"]
[Site "Tornelo INT"]
[Date "2021.05.30"]
[Round "7.15"]
[White "Zvjaginsev, Vadim"]
[Black "Krasenkow, Michal"]
[Result "1-0"]
[WhiteTitle "GM"]
[BlackTitle "GM"]
[WhiteElo "2614"]
[BlackElo "2597"]
[WhiteFideId "4113403"]
[BlackFideId "1113100"]
[EventDate "2021.05.30"]

1. c4 e5 2. Nc3 d6 3. g3 g6 4. d4 Bg7 5. dxe5 dxe5 6. Qxd8+ Kxd8 7. Bg5+ f6 8.
O-O-O+ Bd7 9. Be3 Kc8 10. Bg2 Nh6 11. h3 Be6 12. Nb5 Nc6 13. Bd5 Re8 14. g4 Nf7
15. Nf3 a6 16. Nc3 Nd6 17. b3 Nb4 18. Bxe6+ Rxe6 19. Bc5 a5 20. Bxd6 cxd6 21.
Kb1 Bf8 22. h4 Be7 23. h5 g5 24. Nd2 Na6 25. Nde4 Nc5 26. Nxc5 dxc5 27. Rd5 b6
28. Nb5 a4 29. Rhd1 axb3 30. axb3 Rb8 31. Na7+ Kb7 32. Rd7+ Ka6 33. Nb5 1-0

[Event "European Hybrid Swiss TB"]
[Site "Tornelo INT"]
[Date "2021.05.30"]
[Round "7.16"]
[White "Anton Guijarro, David"]
[Black "Afanasiev, Nikita"]
[Result "1-0"]
[WhiteTitle "GM"]
[BlackTitle "GM"]
[WhiteElo "2673"]
[BlackElo "2522"]
[WhiteFideId "2285525"]
[BlackFideId "24183555"]
[EventDate "2021.05.30"]

1. c4 e5 2. g3 Nf6 3. Bg2 Bc5 4. e3 O-O 5. Nc3 Nc6 6. Nf3 d6 7. O-O a6 8. d4 Ba7
9. dxe5 Nxe5 10. Nxe5 dxe5 11. b4 Qe7 12. c5 c6 13. Qc2 Bg4 14. h3 Bh5 15. Bb2
Rfd8 16. Rae1 a5 17. a3 axb4 18. axb4 Bg6 19. e4 b6 20. Na4 bxc5 21. bxc5 Bb8
22. Rd1 Bc7 23. Nb6 Rxd1 24. Rxd1 Ra5 25. Nc4 Qxc5 26. Bxe5 Bb6 27. Bd4 1-0

[Event "European Hybrid Swiss TB"]
[Site "Tornelo INT"]
[Date "2021.05.30"]
[Round "7.17"]
[White "Braun, Arik"]
[Black "Martinovic, Sasa"]
[Result "0-1"]
[WhiteTitle "GM"]
[BlackTitle "GM"]
[WhiteElo "2609"]
[BlackElo "2548"]
[WhiteFideId "4663527"]
[BlackFideId "14509792"]
[EventDate "2021.05.30"]

1. d4 c5 2. d5 d6 3. e4 g6 4. Nc3 Bg7 5. Nf3 Nf6 6. Bb5+ Bd7 7. a4 O-O 8. h3
Bxb5 9. axb5 Nbd7 10. O-O Ne8 11. Re1 Nc7 12. Bf4 Nb6 13. Qc1 Qd7 14. Ra5 Nc4
15. Ra4 Nb6 16. Ra5 e6 17. dxe6 fxe6 18. Rd1 d5 19. Bg3 d4 20. Ne2 Nxb5 21. c4
Nd6 22. Bxd6 Qxd6 23. Ng3 Nd7 24. e5 Qc6 25. Ra3 Nxe5 26. Nxe5 Bxe5 27. Re1 Bxg3
28. Rxg3 Rf5 29. h4 Kg7 30. Qd2 Raf8 31. b4 Rxf2 32. Qxf2 Rxf2 33. Kxf2 cxb4 34.
c5 Qxc5 0-1

[Event "European Hybrid Swiss TB"]
[Site "Tornelo INT"]
[Date "2021.05.30"]
[Round "8.1"]
[White "Indjic, Aleksandar"]
[Black "Fedoseev, Vladimir3"]
[Result "1-0"]
[WhiteTitle "GM"]
[BlackTitle "GM"]
[WhiteElo "2607"]
[BlackElo "2687"]
[WhiteFideId "911925"]
[BlackFideId "24130737"]
[EventDate "2021.05.30"]

1. d4 Nf6 2. c4 e6 3. Nc3 Bb4 4. Qc2 d6 5. Bg5 Nc6 6. e3 h6 7. Bh4 a5 8. Ne2 e5
9. O-O-O Bxc3 10. Nxc3 Nb4 11. Qb1 exd4 12. exd4 g5 13. Re1+ Kf8 14. Bg3 Nh5 15.
Be2 Ng7 16. Bd3 Ne6 17. a3 Na6 18. Nb5 Bd7 19. Qc2 Bxb5 20. cxb5 Nxd4 21. Qc3
Nc5 22. Bc4 Qf6 23. Rd1 Nce6 24. Kb1 Kg7 25. f4 gxf4 26. Bh4 Qxh4 27. Bxe6 fxe6
28. Rxd4 Qf6 29. Qxc7+ Kg6 30. Rxd6 Rad8 31. Rhd1 Rxd6 32. Rxd6 Qf5+ 33. Ka1 Rh7
34. Qc8 Re7 35. Qg8+ Kh5 36. h3 Qg5 37. Qd8 Kh4 38. b6 Kg3 39. Rd2 e5 40. Qd3+
Kh4 41. Qe4 Qf6 42. g3+ Kh5 43. g4+ Kh4 44. Qe1+ Kg5 45. Qe4 Kh4 46. Rd5 f3 47.
g5+ Kxh3 48. Rd3 Qxg5 49. Rxf3+ Kh2 50. Qe2+ Qg2 51. Rf2 1-0

[Event "European Hybrid Swiss TB"]
[Site "Tornelo INT"]
[Date "2021.05.30"]
[Round "8.2"]
[White "Deac, Bogdan-Daniel"]
[Black "Artemiev, Vladislav"]
[Result "1/2-1/2"]
[WhiteTitle "GM"]
[BlackTitle "GM"]
[WhiteElo "2627"]
[BlackElo "2709"]
[WhiteFideId "1226380"]
[BlackFideId "24101605"]
[EventDate "2021.05.30"]

1. d4 d5 2. c4 e6 3. Nf3 Nf6 4. Bg5 Nbd7 5. Nc3 Be7 6. e3 O-O 7. Qc2 h6 8. Bh4
c6 9. Rd1 b6 10. Bd3 Bb7 11. O-O Rc8 12. Qe2 c5 13. Ne5 cxd4 14. exd4 Ne4 15.
Bxe4 dxe4 16. Bxe7 Qxe7 17. Nxe4 Nxe5 18. dxe5 Bxe4 19. Qxe4 Qb4 20. b3 b5 21.
Qb7 Rb8 22. Qa6 bxc4 23. Rd4 Qb5 24. Qxb5 Rxb5 25. Rxc4 Rxe5 26. Rd1 Re2 27. Ra4
Rc8 28. Rxa7 Rcc2 29. Rf1 Rxa2 30. Rxa2 Rxa2 31. Rb1 Kf8 32. h4 Ke7 33. b4 Kd6
34. Rd1+ Ke5 35. Rd7 Kf6 36. b5 Rb2 37. Rb7 g5 38. hxg5+ hxg5 39. b6 Kg6 40. Rb8
Kf5 41. b7 Kf4 42. Kf1 g4 43. Kg1 e5 44. Kf1 g3 45. fxg3+ Ke3 46. Kg1 e4 47. g4
Kf4 48. g5 e3 49. Kf1 Kg3 50. Ke1 Kxg2 51. Re8 Rxb7 52. Rxe3 Rb5 53. Re7 Rf5 54.
Ke2 Kg3 55. Ke3 Kg4 56. Re4+ Kxg5 57. Ra4 Rf1 58. Rb4 f6 59. Ra4 Rf5 60. Rb4 Rc5
61. Kf3 f5 62. Ra4 Rc3+ 63. Kf2 Rb3 64. Rc4 f4 65. Rc8 Rb2+ 66. Kf3 Rb3+ 67. Kf2
Kg4 68. Rg8+ Kf5 69. Rf8+ Ke4 70. Re8+ Kd4 71. Rd8+ Ke4 72. Re8+ 1/2-1/2